Clubs de Bundesliga (2025-2026) - Statistiques

Statistiques générales
  • Ce quiz a été pris 110 fois
  • Le résultat moyen est 12 sur 18
Statistiques - réponses
Bundesliga % Correct
Bayern Munich
98%
Borussia Dortmund
98%
Bayer Leverkusen
84%
RB Leipzig
79%
VfB Stuttgart
74%
Wolfsburg
72%
Hambourg
67%
Union Berlin
66%
Mayence 05
63%
SC Fribourg
63%
Eintracht Francfort
62%
Werder Breme
62%
Cologne
61%
Borussia Monchengladbach
56%
Hoffenheim
55%
FC Sankt-Pauli
48%
Heidenheim
44%
FC Augsbourg
33%
Aucun quiz correspondant
Distribution des résultats
% des personnes avec chaque résultat
Percentile par nombre de réponses
Votre historique - résultats
Vous n’avez pas pris ce quiz